L'Art Chrétien
Saved in:
| 主要作者: | |
|---|---|
| 格式: | 图书 |
| 语言: | 法语 |
| 出版: |
Paris :
Bray et Retaux,
187?.
|
| 标签: |
没有标签, 成为第一个标记此记录!
|
MARC
| LEADER | 00000nam a2200000Ia 4500 | ||
|---|---|---|---|
| 001 | 000001394 | ||
| 003 | BR-CrsFAEV | ||
| 008 | 160403t187?||||xx |||||||||||||| ||fre|| | ||
| 040 | |c BR-CrsFAEV |b por |a BR-CrsFAEV | ||
| 080 | 0 | |2 1997 |a 246.7 |b R452a | |
| 100 | 1 | |a RIO, Alexis-François | |
| 245 | 1 | 0 | |a L'Art Chrétien |
| 260 | |a Paris : |b Bray et Retaux, |c 187?. | ||
| 270 | |d França | ||
| 300 | |a 488 p. ; |c 18 cm. | ||
| 504 | |a tomo 4 | ||
| 546 | |a Texto em francês. | ||
| 900 | |a 246.7 R452a | ||
| 942 | |2 udc |c BK | ||
| 952 | |0 0 |1 0 |2 udc |4 0 |6 2467_R452A |7 0 |9 18912 |a SBT |b SBT |c GEN |d 2016-04-02 |l 1 |m 1 |o 246.7 R452a |p 1486 |r 2026-04-08 10:19:50 |s 2025-06-18 |t 1 |w 2016-04-03 |y BK | ||
| 999 | |c 16750 |d 16750 | ||
| 041 | |a fre | ||